00453nam a2200169Ia 450000500170000000800410001702000150005808200210007310000170009424500480011126000390015930000150019865000130021365000130022665000260023965000180026520250130045332.0240331s9999 xx 000 0 und d a0415098211 bGRI22438a305.4 aGriffiths, M 0aFeminism and the Self:bThe Web of Identity aLondon;aNew YorkbRoutledgec1995 ax, 220 p., aFeminism aIdentity aFeminist Epistemology aCommunication